| 000 | 00749nam a2200253Ia 4500 | ||
|---|---|---|---|
| 003 | OSt | ||
| 005 | 20220925174158.0 | ||
| 006 | a|||||r|||| 00| 0 | ||
| 007 | ta | ||
| 008 | 220923b |||||||| |||| 00| 0 eng d | ||
| 037 | _cGeneral Book | ||
| 040 |
_aRTL _cRTL _beng |
||
| 041 |
_2eng _aeng |
||
| 082 | _aY35.2.N7, L2 | ||
| 100 |
_aSinha Surajit Ed. _9246167 |
||
| 111 |
_aSeminar Cultural Profile of Calcutta (1970 : Calcutta) _9246168 |
||
| 245 | 0 | _aCultural profile of calcutta | |
| 260 |
_aCalcutta _bIAS _c1972 |
||
| 300 |
_aviii,283p _ccm. |
||
| 490 | _aIndian Anthropological Society | ||
| 650 |
_aCity Sociology _9235611 |
||
| 942 |
_hY35.2.N7, L2 _cGB _2CC |
||
| 999 |
_c490243 _d490243 |
||